A História da Pequena Estrela (Registo nº 6120)

Detalhes MARC
000 -Etiqueta do registo
Valores 01503nam a2200277 4500
010 ## - Número ISBN
ISBN 9789892346748
021 ## - Número do Depósito Legal
Número 458984/19
100 ## - Dados gerais de processamento
Dados gerais 20260122e20192019c||y0pory50030103ba
200 1# - Titulo e menção de responsabilidade
Título próprio A História da Pequena Estrela
Primeira menção de responsabilidade Rosário Alçada Araújo
Outras menções de responsabilidade il. Catarina França
205 ## - Menção da edição
Edição 1º ed
210 #9 - Publicação
Local de publicação Alfragide
Nome do editor ASA
Data de publicação 2019
215 ## - Descrição física 
Paginação / Volumes 39, [6] p.
Outras indicações físicas il.
Dimensões 24 cm
225 2# - Colecção 
Título próprio da colecção Vira a página
330 ## - Sumário ou Resumo
Texto da nota Esta maravilhosa aventura começa quando a Pequena Estrela toma coragem e rodopia até chegar à Terra.<br/>No Lugar dos Grandes Corações, conhece a Árvore da Sabedoria, que lhe ensina coisas preciosas e lhe dá a conhecer mundos que nunca sonhou existirem.<br/>As visitas à Comunidade do Fundo do Lago e à Ilha Escondida revelam-se experiências inesquecíveis, que mudarão para sempre o seu coração.<br/>O leitor acompanhará esta história com o mesmo entusiasmo e a mesma curiosidade que a Pequena Estrela vai sentindo ao ver a sua atrevida viagem transformar-se numa aventura fascinante, que lhe trará ensinamentos para toda a vida.
606 ## - Nome comum usado como assunto
ID Autoridade 14
Palavra de ordem Literatura infantil
606 ## - Nome comum usado como assunto
ID Autoridade 15
Palavra de ordem Literatura Portuguesa
675 ## - CDU
Notação 82-93
Edição BN
Língua por
675 ## - CDU
Notação 821.134.3
Edição BN
Língua por
700 ## - Autor principal (pessoa individual)
Apelido Araújo
Nome Rosário Alçada
Datas 1973-
ID Autoridade 164
702 ## - Autor secundário (pessoa individual)
Apelido França
Nome Catarina
Datas 1973-
ID Autoridade 165
801 #0 - Fonte de origem
País PT
Agência BMVN
Regras de catalogação RPC
830 ## - Notas gerais do catalogador
Criado por Ana Caetano
Data de criação 22/01/2026
856 41 - Localização e acesso electrónico 
URL <a href="http://rnod.bnportugal.gov.pt/ImagesBN/winlibimg.aspx?skey=&doc=2039308&img=135161&save=true">http://rnod.bnportugal.gov.pt/ImagesBN/winlibimg.aspx?skey=&doc=2039308&img=135161&save=true</a>
990 ## - Elementos KOHA
Tipo de documento Livro
Exemplares
Situação do levantamento Biblioteca de origem Código de barras Cota Permissão de empréstimo Tipo de documento Forma de aquisição
  Biblioteca Escola Nº2 Vendas Novas 100000007184 LI POR/ARA   Livro  

Powered by Koha